000 00948nam a2200277 4500
003 OSt
005 20260530113859.0
008 260506b1996 mx ||||| |||| 00| 0 spa d
020 _a9682988306
040 _aICI
_bspa
_cICI
041 _aspa
050 _aF1249
_bL37 1996
100 1 _aLarráinzar, Manuel,
_eautor
_932106
245 1 0 _aChiapas y Soconusco :
_bla cuestion de limites entre Mexico y Guatemala /
_cManuel Larrainzar
264 1 _aMéxico :
_bGobierno del Estado de Chiapas
_bConsejo Nacional para la Cultura y las Artes,
_c1996
300 _a125 páginas
336 _atexto
_2rdacontent
337 _asin medio
_2rdamedia
338 _avolumen
_2rdacarrier
490 0 _aBiblioteca básica del sureste
651 4 _aChiapas
_xHistoria
_927180
651 4 _aoconusco (Chiapas : Región)
_xHistoria
_932107
651 4 _aMéxico
_xLímites
_zGuatemala
_932108
651 4 _aGuatemala
_xLímites
_zMéxico
_932109
942 _2lcc
_cBK
_n1
999 _c11728
_d11728